| 000 | 00644nam a2200229Ia 4500 | ||
|---|---|---|---|
| 003 | OSt | ||
| 005 | 20140324141927.0 | ||
| 008 | 140130s9999 xx 000 0 und d | ||
| 020 | _a0717257606 | ||
| 020 | _a0717257681 | ||
| 050 |
_aREF 745.5 _bSp742 2003 |
||
| 100 | _aSpeechley, Greta | ||
| 245 |
_aCraft for kids (Bead book) / _cGreta Speechley |
||
| 260 |
_bScholastic, _aDanbury : _c2003. |
||
| 300 |
_a1 v. (unpaged) : _bcol. ill. ; _c27 cm. |
||
| 440 | _v1 | ||
| 650 |
_aHandicraft _vJuvenile literature. |
||
| 650 |
_aGames _vJuvenile literature. |
||
| 650 |
_aCooking _vJuvenile literature. |
||
| 942 |
_cBK _2lcc |
||
| 999 |
_c48707 _d48707 |
||